Minimálna mzda na Slovensku a vo vybraných krajinách bakalárska práca

Saved in:
Bibliographic Details
Main Author: Tuma, Patrik
Corporate Author: Národohospodárska fakulta EU. Katedra sociálneho rozvoja a práce
Other Authors: Sika, Peter, 1975-
Format: Book
Language:Slovak
Published: Bratislava 2012
Tags: Add Tag
No Tags, Be the first to tag this record!

MARC

LEADER 00000nbm a2200000 4500
001 0156059
005 20161109111935.2
041 0 |a slo 
044 |a SK 
245 1 0 |a Minimálna mzda na Slovensku a vo vybraných krajinách  |b bakalárska práca  |c Patrik Tuma ; školiteľ: Peter Sika 
264 1 |a Bratislava  |c 2012 
300 |a 39 s. 
100 1 |a Tuma, Patrik 
700 1 |a Sika, Peter, 1975- 
710 2 |a Národohospodárska fakulta EU. Katedra sociálneho rozvoja a práce